00621nam a2200193Ia 4500008004100000040001800041041000800059100002300067245006300090260003800153300001800191490005100209650002700260650002600287650004700313650003100360650002000391650001600411130821s1966 fr gr fre  aCo-BoUCMbspa afre aCompanys, Emmanuel aPhonetique francaise pour hispanophonescEmmanuel Companys aParís (Francia)bHachettec1966 a141 páginas aCollection le francais dans le monde. B.E.L.C.04aFrancésxEnseñanza04aFrancésxFonética04aFrancésxGramática comparada y general04aFrancésxPronunciación04aLingüística04aPedagogía